Break the silence, stop the violence.

Bibliographic Details
Corporate Author: Military Family Clearinghouse (U.S.)
Format: Government Document Book
Language:English
Published: Arlington, VA (4015 Wilson Blvd., Suite 903, Arlington 22203-5190) : Office of Family Policy Support and Services, Military Family Clearinghouse, [1993]
Subjects:

MARC

Tag First Indicator Second Indicator Subfields
LEADER 00000cam a2200000 a 4500
001 in00001166721
005 20151001071954.0
008 931116s1993 vaua b f000 0 eng d
010 |a gp 94067367  
035 |a (OCoLC)29332054 
035 |9 AGE4054AM 
040 |a GPO  |c GPO  |d DLC  |d UtOrBLW 
043 |a n-us--- 
074 |a 0306 
086 0 |a D 1.2:SI 3/PACKAGE 
245 0 0 |a Break the silence, stop the violence. 
264 1 |a Arlington, VA (4015 Wilson Blvd., Suite 903, Arlington 22203-5190) :  |b Office of Family Policy Support and Services, Military Family Clearinghouse,  |c [1993] 
300 |a 1 portfolio (1 volume, 3 sheets) :  |b illustrations ;  |c 30 cm. 
336 |a text  |b txt  |2 rdacontent 
337 |a unmediated  |b n  |2 rdamedia 
338 |a volume  |b nc  |2 rdacarrier 
500 |a Shipping list number: 93-0565-P. 
504 |a Includes bibliographical references. 
650 0 |a Family violence  |z United States  |x Prevention. 
650 0 |a Child abuse  |z United States  |x Prevention. 
650 0 |a Wife abuse  |z United States  |x Prevention. 
710 2 |a Military Family Clearinghouse (U.S.) 
999 |a MARS 
999 f f |s f7f98a14-72fd-39c0-973f-b7a76b847d5b  |i d1c83d12-3462-3021-a25b-e5107b5e2677  |t 0 
952 f f |p normal  |a Texas A&M University  |b College Station  |c Sterling C. Evans Library  |d Evans: US Documents (Annex 5th floor)  |t 0  |e D 1.2:SI 3/PACKAGE  |h Superintendent of Documents classification  |i unmediated -- volume  |m A14818330076 
998 f f |a D 1.2:SI 3/PACKAGE  |t 0  |l Evans: US Documents (Annex 5th floor)